| 000 | 00367nam a22001697a 4500 | ||
|---|---|---|---|
| 005 | 20160618094636.0 | ||
| 008 | 160618b xxu||||| |||| 00| 0 eng d | ||
| 020 | _a81-86314-54-7 | ||
| 041 | _aeng | ||
| 082 | _b8073 | ||
| 100 |
_aJhamb, L.C. _9776 |
||
| 245 | _aInventory Management | ||
| 260 | _bEPH | ||
| 300 | _a547 | ||
| 650 |
_aManagement _9241 |
||
| 942 | _cBK | ||
| 999 |
_c3039 _d3038 |
||